000169323 001__ 169323
000169323 005__ 20260224124417.0
000169323 008__ 940930s1746\\\\sp\\\\\\r\\\\\|||\|\spa\d
000169323 0247_ $$2ocm$$aocm00000673-1
000169323 0247_ $$2OCLC$$aDMCL960318752
000169323 037__ $$aH_22_130
000169323 040__ $$aCYL $$bspa $$cCYL $$erdc
000169323 1001_ $$9551436$$aMadalena, Tomas$$c(O.P.),$$d1676-1746.
000169323 24510 $$aManual de los Dominicos, informe de los blasones mas gloriosos de la religion de Predicadores ... /$$cpor el Maestro Fr. Thomas Madalena, de el mismo Orden y dedicado a el Ilmo. Señor Don Gregorio Galindo, Obispo antes de Auloner.
000169323 260__ $$aEn Zaragoza :$$bpor Francisco Moreno ...,$$c1746.
000169323 300__ $$a[56], p. 1-320+ ;$$c4º (20 cm)
000169323 336__ $$2rdacontent$$aTexto (visual)$$btxt
000169323 337__ $$2rdamedia$$asin mediación$$bn
000169323 338__ $$2rdacarrier$$avolumen$$bnc
000169323 500__ $$a191202 sin ejemplar.
000169323 597__ $$aSign.: [calderón]12, 2[calderón]4, 3[calderón]4, 4[calderón]4, A-Z4, 2A-2Z4, 3A-3D4.
000169323 597__ $$aPort. enmarcada.
000169323 597__ $$aTexto con apostillas marginales.
000169323 8564_ $$s415300$$uhttps://zaguan.unizar.es/record/169323/files/METS_carga_H_22_130.xml$$yFichero METS
000169323 8564_ $$s86648433$$uhttps://zaguan.unizar.es/record/169323/files/H_22_130.pdf$$yTexto completo (pdf)
000169323 8564_ $$s821018$$uhttps://zaguan.unizar.es/record/169323/files/H_22_130.jpg?subformat=icon$$xicon$$yTexto completo (pdf)
000169323 907__ $$a.b18704979$$b08-07-20$$c06-09-17
000169323 909CO $$ooai:zaguan.unizar.es:169323$$pfondo-historico$$pdriver
000169323 942__ $$n1
000169323 952__ $$/c$$00$$10$$2udc$$3c6e5e11d-4dcb-45d2-9f51-e9d79524e142$$40$$70$$91364488$$a100$$b100$$c2db6e5b2-3aca-40b3-9467-bfbf73d8ad85$$d2025-07-04$$e-$$f-$$oH_22_130$$r2025-07-04$$xDigitalizado-2025$$ybab1d2c6-6e70-405f-81b4-6389286485d4
000169323 980__ $$aFH$$bfondos
000169323 998__ $$a100$$b  -  -  $$cm$$da$$en$$fspa$$gsp $$h0$$i0
000169323 999__ $$c725908$$d725908
000169323 999ff $$id7d44b77-ebce-44fd-9f2e-b6c16d5c2091